| 000 | 01249cam a2200337 a 4500 | ||
|---|---|---|---|
| 999 |
_c232631 _d232631 |
||
| 001 | 12688403 | ||
| 003 | Nust | ||
| 005 | 20180117090023.0 | ||
| 008 | 020228s2003 mauab b 001 0 eng | ||
| 010 | _a 2002018488 | ||
| 020 | _a0201770377 | ||
| 035 | _a(DLC) 2002018488 | ||
| 040 |
_aDLC _cDLC _dDLC |
||
| 050 | 0 | 0 |
_aHF1359 _b.K78 2003 |
| 082 | 0 | 0 |
_a337 _221 |
| 100 | 1 | _aKrugman, Paul R. | |
| 245 | 1 | 0 |
_aInternational economics : _btheory and policy / _cPaul R. Krugman, Maurice Obstfeld. |
| 250 | _a6th ed. | ||
| 260 |
_aBoston : _bAddison Wesley, _cc2003. |
||
| 300 |
_axxix, 754 p. : _bcol. ill., maps ; _c25 cm. |
||
| 440 | 4 | _aThe Addison-Wesley series in economics | |
| 500 | _aMaps on lining papers. | ||
| 504 | _aIncludes bibliographical references and index. | ||
| 650 | 0 | _aInternational economic relations. | |
| 650 | 0 | _aInternational finance. | |
| 700 | 1 | _aObstfeld, Maurice. | |
| 906 |
_a7 _bcbc _corignew _d1 _eocip _f20 _gy-gencatlg |
||
| 942 |
_2ddc _cBK |
||